[Event "Wisla Hugart op"]
[Site "Warsaw"]
[Date "1999.??.??"]
[Round "?"]
[White "Bilinskas, Raimundas"]
[Black "Fiodorov, Mikhail"]
[Result "1-0"]
[WhiteElo "2230"]
[BlackElo "2250"]
[PlyCount "105"]
[EventDate "1999.??.??"]
[EventType "swiss"]
[EventRounds "9"]
[EventCountry "POL"]
[SourceTitle "EXT 2003"]
[Source "ChessBase"]
[SourceDate "2002.11.25"]
[SourceVersion "1"]
[SourceVersionDate "2002.11.25"]
[SourceQuality "1"]

1. Nf3 c5 2. c4 Nf6 3. g3 b6 4. Bg2 Bb7 5. 0-0 e6 6. Nc3 Be7 7. d4 cxd4 8. Qxd4 d6 9. Rd1 a6 10. Ng5 Bxg2 11. Kxg2 Nc6 12. Qf4 Qc7 13. b3 0-0 14. Ba3 Rfd8 15. Rac1 Ne5 16. Nge4 Ne8 17. f3 Ng6 18. Qe3 Qb7 19. Bb2 b5 20. cxb5 axb5 21. b4 Rdc8 22. a3 Ne5 23. Nd2 Nf6 24. Nce4 Nd5 25. Qb3 Nc4 26. Nf1 Ndb6 27. Nc3 Bf6 28. Nxb5 Bxb2 29. Nxd6 Nxd6 30. Rxc8+ Qxc8 31. Qxb2 Ndc4 32. Qd4 h6 33. Qc5 Qxc5 34. bxc5 Nd5 35. Rd4 Nce3+ 36. Nxe3 Nxe3+ 37. Kf2 Nc2 38. Rd3 Rxa3 39. c6 Nb4 40. Rd8+ Kh7 41. c7 Rc3 42. c8Q Rxc8 43. Rxc8 Nd5 44. e4 Nf6 45. Ke3 g5 46. Rd8 Kg6 47. Kd4 h5 48. e5 Nh7 49. Rg8+ Kh6 50. h4 gxh4 51. gxh4 f6 52. f4 fxe5+ 53. Kxe5 1-0

[Event "Wisla Hugart op"]
[Site "Warsaw"]
[Date "1999.??.??"]
[Round "?"]
[White "Ostrowski, Leszek"]
[Black "Bilinskas, Raimundas"]
[Result "1/2-1/2"]
[WhiteElo "2401"]
[BlackElo "2234"]
[PlyCount "86"]
[EventDate "1999.??.??"]
[EventType "swiss"]
[EventRounds "9"]
[EventCountry "POL"]
[SourceTitle "EXT 2003"]
[Source "ChessBase"]
[SourceDate "2002.11.25"]
[SourceVersion "1"]
[SourceVersionDate "2002.11.25"]
[SourceQuality "1"]

1. Nf3 c5 2. c4 Nf6 3. Nc3 d5 4. cxd5 Nxd5 5. g3 g6 6. Bg2 Bg7 7. 0-0 Nc6 8. d3 0-0 9. Nxd5 Qxd5 10. Be3 Bd7 11. Nd4 Qd6 12. Nxc6 Bxc6 13. Bxc6 Qxc6 14. Rc1 Qe6 15. Rxc5 Qxa2 16. Rb5 a6 17. Rxb7 Rab8 18. Rxe7 Rxb2 19. Re4 Rxe2 20. Ra4 Qb2 21. Rxa6 Rd8 22. Qa4 Bd4 23. Ra8 Rxa8 24. Qxa8+ Kg7 25. Bxd4+ Qxd4 26. Qf3 Re6 27. Rc1 Rf6 28. Qe3 Qxe3 29. fxe3 Rf3 30. Re1 g5 31. g4 h5 32. gxh5 f5 33. Kg2 g4 34. d4 Rh3 35. d5 Kf6 36. e4 Ke5 37. Rd1 Rxh5 38. d6 Rh8 39. d7 Rd8 40. exf5 Kxf5 41. Kg3 Ke6 42. Kxg4 Rxd7 43. Rxd7 Kxd7 1/2-1/2

[Event "POL-ch U26"]
[Site "Warsaw"]
[Date "1999.??.??"]
[Round "?"]
[White "Pinski, Jan"]
[Black "Bilinskas, Raimundas"]
[Result "0-1"]
[WhiteElo "2346"]
[BlackElo "2234"]
[PlyCount "46"]
[EventDate "1999.??.??"]
[EventType "swiss"]
[EventRounds "9"]
[EventCountry "POL"]
[SourceTitle "EXT 2002"]
[Source "ChessBase"]
[SourceDate "2001.11.25"]
[SourceVersion "1"]
[SourceVersionDate "2001.11.25"]
[SourceQuality "1"]

1. e4 c5 2. c3 Nf6 3. e5 Nd5 4. d4 cxd4 5. Nf3 Nc6 6. Bc4 Nb6 7. Bb3 d5 8. exd6 dxc3 9. Nxc3 exd6 10. Ng5 d5 11. 0-0 Be7 12. Qh5 g6 13. Qh6 Be6 14. Bf4 Bf8 15. Qh4 h6 16. Bd2 Bg7 17. Nf3 Qxh4 18. Nxh4 0-0 19. Rfe1 Kh7 20. Bc2 Nd4 21. Bd3 Nc4 22. Be3 Nxb2 23. Bb1 Rac8 0-1

[Event "LTU-ch"]
[Site "Vilnius"]
[Date "1999.??.??"]
[Round "?"]
[White "Sulskis, Sarunas"]
[Black "Bilinskas, Raimundas"]
[Result "1-0"]
[WhiteElo "2568"]
[BlackElo "2234"]
[PlyCount "57"]
[EventDate "1999.??.??"]
[EventType "swiss"]
[EventRounds "9"]
[EventCountry "LTU"]
[SourceTitle "EXT 2000"]
[Source "ChessBase"]
[SourceDate "1999.11.16"]
[SourceVersion "1"]
[SourceVersionDate "1999.11.16"]
[SourceQuality "1"]

1. Nf3 Nf6 2. c4 c5 3. b3 g6 4. Bb2 Bg7 5. g4 d6 6. g5 Nh5 7. Bxg7 Nxg7 8. d4 h6 9. dxc5 Qa5+ 10. Qd2 Qxd2+ 11. Nbxd2 dxc5 12. Bg2 Ne6 13. gxh6 Nf4 14. Bf1 b6 15. e3 Ne6 16. h4 Rxh6 17. Bh3 Nc6 18. Ne4 Ng7 19. Ke2 Nf5 20. Rad1 Bb7 21. h5 Ne5 22. Nxe5 Bxe4 23. hxg6 fxg6 24. Rh2 Nh4 25. f3 Bb7 26. Bd7+ Kd8 27. Bc6+ Kc8 28. Rd8+ Kxd8 29. Bxb7 1-0

[Event "POL-chT2"]
[Site "Augustow"]
[Date "1997.??.??"]
[Round "?"]
[White "Jedynak, Radoslaw"]
[Black "Bilinskas, Raimundas"]
[Result "1-0"]
[WhiteElo "2140"]
[BlackElo "2235"]
[PlyCount "103"]
[EventDate "1997.??.??"]
[EventType "team"]
[EventRounds "9"]
[EventCountry "POL"]
[SourceTitle "EXT 2003"]
[Source "ChessBase"]
[SourceDate "2002.11.25"]
[SourceVersion "1"]
[SourceVersionDate "2002.11.25"]
[SourceQuality "1"]

1. d4 Nf6 2. c4 g6 3. Nc3 d5 4. cxd5 Nxd5 5. e4 Nxc3 6. bxc3 Bg7 7. Nf3 c5 8. Rb1 0-0 9. Be2 b6 10. 0-0 Bb7 11. Qd3 cxd4 12. cxd4 Ba6 13. Qe3 Qd7 14. Bxa6 Nxa6 15. Ba3 Rfc8 16. Rfc1 e6 17. Rxc8+ Rxc8 18. Rc1 Rxc1+ 19. Qxc1 Nc7 20. Qc4 Nb5 21. Bb2 Nd6 22. Qc2 Qb5 23. h4 Qc4 24. Qxc4 Nxc4 25. Bc1 Nd6 26. e5 Nb5 27. Bd2 Kf8 28. Kf1 Ke7 29. Ke2 Kd7 30. Kd3 h6 31. g4 Kc6 32. h5 g5 33. Ne1 f6 34. exf6 Bxf6 35. f4 gxf4 36. Bxf4 Bg7 37. Be5 Bf8 38. Nf3 Kd5 39. Nh4 Be7 40. Ng6 Bg5 41. Bf4 Bxf4 42. Nxf4+ Kd6 43. g5 Ke7 44. gxh6 Kf6 45. Nxe6 Nd6 46. d5 Nf7 47. h7 b5 48. Kd4 b4 49. Kc5 a5 50. Kb5 Kf5 51. Kxa5 Kg4 52. d6 1-0

[Event "Augustow op-A"]
[Site "Augustow"]
[Date "1996.??.??"]
[Round "?"]
[White "Bilinskas, Raimundas"]
[Black "Lewandowski, Rafal"]
[Result "1/2-1/2"]
[WhiteElo "2250"]
[BlackElo "2165"]
[PlyCount "68"]
[EventDate "1996.??.??"]
[EventType "swiss"]
[EventRounds "9"]
[EventCountry "POL"]
[SourceTitle "EXT 2003"]
[Source "ChessBase"]
[SourceDate "2002.11.25"]
[SourceVersion "1"]
[SourceVersionDate "2002.11.25"]
[SourceQuality "1"]

1. d4 d5 2. c4 e6 3. Nc3 c5 4. cxd5 exd5 5. Nf3 Nc6 6. g3 Nf6 7. Bg2 Be7 8. 0-0 0-0 9. Bg5 c4 10. Ne5 Be6 11. Qd2 Nd7 12. Bxe7 Nxe7 13. Rad1 Rc8 14. Rfe1 a6 15. e4 Nf6 16. exd5 Nexd5 17. h3 b5 18. a3 Nxc3 19. bxc3 Nd5 20. f4 Qd6 21. Qc1 Rfe8 22. Rd2 Re7 23. Rde2 f6 24. Nf3 Rce8 25. Nd2 Qd7 26. Ne4 Bf7 27. Nc5 Qd6 28. Rxe7 Rxe7 29. Rxe7 Qxe7 30. Kf2 a5 31. Bxd5 Bxd5 32. Qe3 Kf7 33. Qxe7+ Kxe7 34. f5 Kd6 1/2-1/2

[Event "LTU-ch"]
[Site "Vilnius"]
[Date "1996.??.??"]
[Round "6"]
[White "Bilinskas, Raimundas"]
[Black "Linauskas, Dainius"]
[Result "1-0"]
[WhiteElo "2260"]
[BlackElo "2310"]
[PlyCount "85"]
[EventDate "1996.??.??"]
[EventType "swiss"]
[EventRounds "9"]
[EventCountry "LTU"]
[SourceTitle "CBM 053 Extra"]
[Source "ChessBase"]
[SourceDate "1996.09.01"]
[SourceVersion "1"]
[SourceVersionDate "1996.09.01"]
[SourceQuality "1"]

1. d4 d5 2. c4 e6 3. Nc3 c6 4. e4 dxe4 5. Nxe4 Bb4+ 6. Bd2 Qxd4 7. Bxb4 Qxe4+ 8. Ne2 c5 9. Bxc5 Nc6 10. Qd6 Nge7 11. Qf4 Qxf4 12. Nxf4 b6 13. Ba3 e5 14. Ne2 Be6 15. 0-0-0 Bxc4 16. Nc3 Bxf1 17. Rhxf1 Rd8 18. Nb5 f6 19. Rxd8+ Kxd8 20. Rd1+ Ke8 21. Nd6+ Kf8 22. Nf5 Ke8 23. Nd6+ Kf8 24. Nf5 Ke8 25. Bxe7 Nxe7 26. Nxg7+ Kf7 27. Rd7 Rg8 28. Nf5 Ke6 29. Nxe7 Rxg2 30. Rxa7 Rxf2 31. Nc8 Rxh2 32. Nxb6 f5 33. Nc4 Kd5 34. Nd2 e4 35. Ra5+ Ke6 36. Ra8 h5 37. a4 h4 38. a5 h3 39. Rh8 Rh1+ 40. Kc2 h2 41. a6 Kd5 42. Nb3 Rg1 43. a7 1-0

[Event "Augustow op-A"]
[Site "Augustow"]
[Date "1996.??.??"]
[Round "?"]
[White "Bilinskas, Raimundas"]
[Black "Morchat, Miroslaw"]
[Result "1-0"]
[WhiteElo "2260"]
[BlackElo "2270"]
[PlyCount "95"]
[EventDate "1996.??.??"]
[EventType "swiss"]
[EventRounds "9"]
[EventCountry "POL"]
[SourceTitle "EXT 2003"]
[Source "ChessBase"]
[SourceDate "2002.11.25"]
[SourceVersion "1"]
[SourceVersionDate "2002.11.25"]
[SourceQuality "1"]

1. d4 Nf6 2. c4 c5 3. Nf3 cxd4 4. Nxd4 e5 5. Nb5 d5 6. cxd5 Bc5 7. N5c3 0-0 8. e3 e4 9. Be2 Qe7 10. a3 a6 11. Nd2 Rd8 12. b4 Ba7 13. Qb3 Bf5 14. Bb2 Nbd7 15. Nc4 Rac8 16. 0-0-0 Bg4 17. Rhe1 b5 18. Na5 Ne5 19. Kb1 Bxe2 20. Rxe2 Bb6 21. Red2 Bxa5 22. bxa5 Nc4 23. Rd4 Qe5 24. h3 Qf5 25. d6 Qxf2 26. d7 Rc7 27. Nxe4 Qf5 28. g4 Qg6 29. Qd3 Ne5 30. Nxf6+ Qxf6 31. Qe4 Qg6 32. Qxg6 hxg6 33. Rd6 Nc4 34. Rxa6 Rcxd7 35. Rxd7 Rxd7 36. Ra8+ Kh7 37. Bd4 Nxa3+ 38. Ka2 Nc2 39. Bc5 Rd5 40. Rc8 Rd2 41. Kb1 b4 42. Kc1 Rg2 43. a6 Ne1 44. a7 Nd3+ 45. Kd1 Ra2 46. Bd4 Nf2+ 47. Ke1 Nd3+ 48. Kf1 1-0

[Event "Augustow op-A"]
[Site "Augustow"]
[Date "1996.??.??"]
[Round "?"]
[White "Kotarba, Marcin"]
[Black "Bilinskas, Raimundas"]
[Result "1-0"]
[WhiteElo "2260"]
[BlackElo "2075"]
[PlyCount "89"]
[EventDate "1996.??.??"]
[EventType "swiss"]
[EventRounds "9"]
[EventCountry "POL"]
[SourceTitle "EXT 2003"]
[Source "ChessBase"]
[SourceDate "2002.11.25"]
[SourceVersion "1"]
[SourceVersionDate "2002.11.25"]
[SourceQuality "1"]

1. e4 c5 2. c3 Nf6 3. e5 Nd5 4. d4 cxd4 5. Nf3 Nc6 6. cxd4 d6 7. Bc4 Nb6 8. Bb3 dxe5 9. d5 Na5 10. Nc3 Nxb3 11. Qxb3 e6 12. Nxe5 exd5 13. Be3 Bd6 14. Qb5+ Bd7 15. Nxd7 Qxd7 16. 0-0 Qxb5 17. Nxb5 Rd8 18. Rfe1 0-0 19. Nxd6 Rxd6 20. Bc5 Rd7 21. Bxf8 Kxf8 22. Rac1 f6 23. b3 Kf7 24. Kf1 Na8 25. Rc8 Nc7 26. g3 Ne6 27. Rec1 Ke7 28. Ke2 Kd6 29. f4 g6 30. Kd3 Nd8 31. h4 Nc6 32. a3 a5 33. Re8 Ne7 34. Rf8 Nf5 35. g4 Nxh4 36. Rxf6+ Ke7 37. Rb6 Kd8 38. Rb5 Ng2 39. Rf1 Kc7 40. Rf2 Kc6 41. Rxa5 Ne1+ 42. Kd2 Re7 43. Ra8 d4 44. Rc8+ Kd5 45. Rc1 1-0

[Event "Prague op"]
[Site "Prague"]
[Date "1996.??.??"]
[Round "7"]
[White "Meduna, Eduard"]
[Black "Bilinskas, Raimundas"]
[Result "0-1"]
[WhiteElo "2450"]
[BlackElo "2250"]
[PlyCount "84"]
[EventDate "1996.??.??"]
[EventType "swiss"]
[EventRounds "8"]
[EventCountry "CZE"]
[SourceTitle "EXT 1998"]
[Source "ChessBase"]
[SourceDate "1997.11.17"]
[SourceVersion "1"]
[SourceVersionDate "1997.11.17"]
[SourceQuality "1"]

1. d4 Nf6 2. Bg5 c5 3. Bxf6 gxf6 4. c3 Qb6 5. Qc2 d5 6. e3 Nc6 7. Nd2 e5 8. Ngf3 Bd7 9. Be2 Rc8 10. dxe5 fxe5 11. e4 d4 12. Bc4 Rg8 13. 0-0 Bd6 14. Nh4 Ne7 15. Rae1 Bb8 16. f4 exf4 17. e5 Qh6 18. Nhf3 b5 19. Ne4 bxc4 20. Nf6+ Kd8 21. cxd4 cxd4 22. Qd2 d3 23. Qa5+ Bc7 24. Qxa7 Rb8 25. Kh1 Rg6 26. Qd4 Rxf6 27. exf6 Nf5 28. Qxc4 Ng3+ 29. Kg1 Ne2+ 30. Rxe2 dxe2 31. Qxe2 Qxf6 32. b3 Rb6 33. Kh1 Qf5 34. Qd2 Kc8 35. h3 Rd6 36. Qb2 Qd3 37. Qa1 Bc6 38. Kh2 Qe2 39. Re1 Qf2 40. Qh8+ Rd8 41. Qxh7 Bxf3 42. Qf5+ Kb8 0-1

[Event "Radviliskis op"]
[Site "Radviliskis"]
[Date "1995.??.??"]
[Round "8"]
[White "Bilinskas, Raimundas"]
[Black "Sarakauskas, Gediminas"]
[Result "0-1"]
[WhiteElo "2245"]
[BlackElo "2160"]
[PlyCount "70"]
[EventDate "1995.??.??"]
[EventType "swiss"]
[EventRounds "9"]
[EventCountry "LTU"]
[SourceTitle "EXT 1997"]
[Source "ChessBase"]
[SourceDate "1996.11.15"]
[SourceVersion "1"]
[SourceVersionDate "1996.11.15"]
[SourceQuality "1"]

1. d4 d5 2. c4 Nc6 3. Nf3 Bg4 4. Qa4 Bxf3 5. gxf3 e6 6. Nc3 dxc4 7. e3 a6 8. Qxc4 Nge7 9. f4 Nd5 10. Bg2 Bb4 11. 0-0 Na5 12. Qd3 0-0 13. Bd2 Nb6 14. b3 c5 15. Ne4 Nc6 16. Bxb4 Nxb4 17. Qd2 Rc8 18. Nxc5 Rxc5 19. Qxb4 Rh5 20. Rfc1 a5 21. Qd2 Qh4 22. h3 g5 23. Qd1 f5 24. d5 gxf4 25. dxe6 Rh6 26. Qd4 Rg6 27. e7 Qxe7 28. Qxf4 Qg7 29. Qf3 f4 30. e4 Nd7 31. Kh1 Ne5 32. Qh5 Rxg2 33. Rc7 Qxc7 34. Kxg2 Rf7 35. Kh1 Ng6 0-1

[Event "LTU-ch"]
[Site "Vilnius"]
[Date "1995.??.??"]
[Round "3"]
[White "Piesina, Gintautas"]
[Black "Bilinskas, Raimundas"]
[Result "1-0"]
[WhiteElo "2400"]
[BlackElo "2245"]
[PlyCount "65"]
[EventDate "1995.??.??"]
[EventType "swiss"]
[EventRounds "9"]
[EventCountry "LTU"]
[SourceTitle "CBM 049 Extra"]
[Source "ChessBase"]
[SourceDate "1996.01.01"]
[SourceVersion "1"]
[SourceVersionDate "1996.01.01"]
[SourceQuality "1"]

1. c4 c5 2. Nf3 Nf6 3. Nc3 d5 4. cxd5 Nxd5 5. g3 g6 6. Bg2 Bg7 7. 0-0 0-0 8. Nxd5 Qxd5 9. d4 cxd4 10. Be3 Qb5 11. Nxd4 Qxb2 12. Bd5 Qa3 13. Rb1 e6 14. Nb5 Qe7 15. Bg2 Rd8 16. Qc1 Na6 17. Nxa7 e5 18. Nxc8 Raxc8 19. Rxb7 Rxc1 20. Rxe7 Rc2 21. Rb1 Bf8 22. Ra7 Rxa2 23. Bg5 Rd6 24. h4 Rxe2 25. Bf1 Ra2 26. Bc4 Ra3 27. Bxf7+ Kh8 28. Ra8 Rf3 29. Rxf8+ Kg7 30. Be7 Rd7 31. Bc4 Rxf8 32. Bxf8+ Kxf8 33. Bxa6 1-0